000 00858nam a2200241 a 4500
001 9710
003 CO-ViMGA
008 141112s2004 ck r 000 u spa d
020 _a9977962677
040 _aCO-ViMGA
_bspa
_cCO-ViMGA
082 0 4 _a341.481 C733
100 1 _aSwinarski, ; Christophe,
_911361
110 _aCOMITE INTERNACIONAL DE LA CRUZ ROJA
_911362
245 1 0 _aIntroducción al Derecho Internacional Humanitario
260 _aGinebra ,
_cSuiza : Tercer mundo de editores,
_c1996
650 1 4 _aDERECHO INTERNACIONAL HUMANITARIO
_911363
650 1 4 _aNOCION DE CONFLICTO ARMADO INTERNACIONAL
_911364
650 1 4 _aNOCION DE CONFLICTO ARMADO NO INTERNACIONAL
_911365
650 1 4 _aPONENCIAS PROTECTORAS
_911366
650 1 4 _aSITUACION DE EL SALVADOR 1984
_911367
650 1 4 _aSITUACION DE NICARAGUA EN 1978 - 1979
_911368
942 _2ddc
_cBK
999 _c21161
_d21161